000
00278nam a2200121Ia 4500
005
20251222152005.0
008
251222s9999||||xx |||||||||||||| ||spa||
082
_a
590/P98
245
0
_a
American Society of Animals Science
250
_a
1ra.ed.
264
_b
s.e.
942
_c
LIB
999
_c
24700
_d
24700